000 00477nam a2200169Ia 4500
008 160319s9999 xx 000 0 und d
245 _aEncyclopedia Britannica 2006 /
245 _cEncyclopaedia Britannica, Inc.,
260 _bEncyclopedia Britannica Inc.
260 _c2006
300 _a1 videodisc :
300 _c4 3/4 in.
650 _aEncyclopedias and dictionaries.
650 _aEnglish language --
650 _aEnglish language.
650 _xDictionaries.
999 _c292561
_d292561